000 00910naa a22002657a 4500
001 BR5600021
003 BR-BrBNA
005 20240918172836.0
007 ta
008 230509b bl.||||| |||| 00| 0 por d
040 _aBR-BrBNA
_bpor
_cBiblioteca Nacional de Agricultura
041 _a(Pt)
072 _aL10
_b5213
090 _aL10 BR5600021
100 1 _aDuvivier, E.
245 1 _aA raca Guzera [Gado zebu; Bos Indicus; Melhoramento genetico animal]
260 3 _aUberaba, MG (Brasil):
_c1956.
500 _aWeiss, A. Os grandes reprodutores indianos no Brasil Uberaba, MG (Brasil): 1956. p. 26-78 (BR5600021-AM)L10
650 _aMelhoramento genetico animal
650 _aGado guzera
650 _aRaca
773 0 _tOs grandes reprodutores indianos no Brasil
_aWeiss, A.
_wL10 BR5600021
_gUberaba, MG (Brasil), 1956. p. 26-78
909 _a202404
_bLucia
_c55
_dLucia Elande
942 _cAM
_2AGRIS
999 _c301681
_d301681